Регионална библиотека "Любен Каравелов" - Русе

През нашите очички (Запис номер 133833)

MARC детайли
000 -Лидер
Контролно поле с фиксирана дължина 01448nam a2200337 a 4500
003 - Код на организацията, давaща контролен номер
Контролно поле BLK
005 - Дата и час на последна редакция
Контролно поле 20241114005503.0
008 - Елементи от данни с фиксирана дължина
fixed length control field 180409b bul|||||r ||||||| ||bul||
010 ## - Наследен системен номер
LC control number KNG00139734000
020 ## - Международен стандартен номер на книга ISBN
Международен стандартен номер на книга ISBN 954-419-021-Х
040 ## - Източник на каталожния запис
Идентификатор на билиотеката - собственик на записа BLK
041 ## - Код за език
Код за езика на текст/звукозапис или на отделно заглавие Български
Код за езика КДБФ Български
080 ## - УДК
Текстов определител УДК Българска литература
УДК код - определител по УДК 821.163.2
УДК определител -93-32
УДК - код + определител 821.163.2-93-32
100 ## - Редна дума - Автор
Автор Габе, Дора Петрова
Автор - информация (биография) Поетеса и писателка. Преводачка от полски език.
Дати, свързани с автора 1886-1983
Пълна форма на името Габе, Изидора Петрова
R(LIN) 369524
139 ## - Редно поле
Редна дума Габе, Дора Петрова
Авторски знак Габ - Г 13
245 10 - Сведения за заглавието
Заглавие През нашите очички
Подзаглавни данни Разказчета за малки деца
Редно поле (дума) Дора Габе; худож. Симеон Димитров Спиридонов.
250 ## - Област на изданието
Сведения за изданието 2. изд.
257 ## - Страна на издаване
Страна на създаване/издаване България
260 ## - Област на издателските данни
Име на издателя, разпространителя и проч. Отечество
Година на издаване 1993
Място на издаване, разпространение и проч. София
300 ## - Физическа характеристика
Страници 48 с.
Илюстрации и др. с цв. ил.
Размери/Мащаб 28 см
380 ## - Жанр
Жанр Детска худож. лит.
500 ## - Общи забележки
Забележка Кор. опис. - 1. изд. 1962 на изд. Нар. младеж в сер. За предучилищна възраст. - 5 000 тир.
700 1# - Други автори (авторска отговорност)
Лично име Спиридонов, Симеон Димитров
Автороска отговорност (Описва отношението между автора и произведението) худож.
9 (RLIN) 277676
852 ## - Местоположение
Форматна сигнатура Цб ІІ 17458
856 4# - Електронен адрес и достъп
Електронен формат pdf - файл
856 4# - Електронен адрес и достъп
Електронен формат pdf - файл
999 ## - СИСТЕМНИ КОНТРОЛНИ НОМЕРА
Koha biblionumber 133833
Koha biblioitemnumber 133833
942 ## - АРТИКУЛИ
Вид на библиотечния материал Книги
Скрит в OPAC Не
Koha issues (borrowed), all copies 1
Периодичен библиозапис Да
944 ## - СЪЗДАВАНЕ И РЕДАКЦИЯ на ЗАПИСА
Създаване/Редакция Създаване
Дата на регистрацията/редакция 19.02.2013
Статус, дата на статуса CRON CRON
Служител, извършил регистрацията/редакцията
944 ## - СЪЗДАВАНЕ И РЕДАКЦИЯ на ЗАПИСА
Създаване/Редакция Редакция
Дата на регистрацията/редакция 19.02.2013
Статус, дата на статуса 19.02.2013 - от С1,Р / 19.02.2013
999 ## - СИСТЕМНИ КОНТРОЛНИ НОМЕРА
Koha biblioitemnumber 133833
Наличности
Код за отписване Код за изгубен артикул Източник на класификационната схема Код за повреда Коз за рестрикции Код за отдаване Артикулен № Име на библиотеката - собственик Име на библиотеката, в която се намира в момента Статус (Текущо местоположение) Дата на вписване в системата Местоположение - отдел Цена в лева Инвентарен номер Систематично азбучна сигнатура Баркод Номер на екземпляра Цена в евро Служебна бележка Служебен тип на артикула
  Не е изгубен Universal Decimal Classification Не е повреден само за читалня ползва се в читалня 218434 Регионална библиотека "Любен Каравелов" Русе Регионална библиотека "Любен Каравелов" Русе Хранилище 1993-01-01 Хранилище 22.00 594098 Цб ІІ 17458 120000594098 1 11.25 N: стар фонд Дата: 01.01.1993 Книги
  Не е изгубен Universal Decimal Classification Не е повреден без рестрикции заемане за дома 218435 Регионална библиотека "Любен Каравелов" Русе Регионална библиотека "Любен Каравелов" Русе Детски отдел 1993-01-01 Детски отдел 0.44 607659 ДХ 886.7/Г 13 120000607659 2 0.22 N: стар фонд Дата: 01.01.1993 Дата инв: 03.08.2015 Бележки инв: Д2015 Книги
  Не е изгубен Universal Decimal Classification Не е повреден без рестрикции заемане за дома 218436 Регионална библиотека "Любен Каравелов" Русе Регионална библиотека "Любен Каравелов" Русе Детски отдел 1993-01-01 Детски отдел 0.44 607660 ДХ 886.7/Г 13 120000607660 3 0.22 N: стар фонд Дата: 01.01.1993 Дата инв: 03.08.2015 Бележки инв: Д2015 Книги
Vip Innovations Ltd, Rousse, Bulgaria 2025